Micro-economía intermedia análisis económico y comportamiento (Registro nro. 12522)

Detalles MARC
000 -LEADER
fixed length control field 01564nam a2200337Ia 4500
003 - CONTROL NUMBER IDENTIFIER
control field OSt
005 - DATE AND TIME OF LATEST TRANSACTION
control field 20210922091633.0
008 - FIXED-LENGTH DATA ELEMENTS--GENERAL INFORMATION
fixed length control field 130821s2009 mx a gr spa
020 ## - INTERNATIONAL STANDARD BOOK NUMBER
International Standard Book Number 007337573X
020 ## - INTERNATIONAL STANDARD BOOK NUMBER
International Standard Book Number 9789701072745
040 ## - CATALOGING SOURCE
Original cataloging agency Co-BoUCM
Language of cataloging spa
Transcribing agency CO-JMCR
041 00 - LANGUAGE CODE
Language code of text/sound track or separate title spa
082 04 - DEWEY DECIMAL CLASSIFICATION NUMBER
Classification number 338.5 /
Item number F828m
Edition number 23
100 10 - MAIN ENTRY--PERSONAL NAME
Personal name Frank, Robert H.
Relator term autor
9 (RLIN) 4983
245 10 - TITLE STATEMENT
Title Micro-economía intermedia análisis económico y comportamiento
Statement of responsibility, etc. Robert H.Frank ; Traduccin̤ de Martha Elsa Mauri Hernández, Maria del Carmen Enriqueta Hano Roa y Raúl Arrioja Juárez
250 ## - EDITION STATEMENT
Edition statement Séptima edición
260 ## - PUBLICATION, DISTRIBUTION, ETC.
Place of publication, distribution, etc. México :
Name of publisher, distributor, etc. McGrawHill,
Date of publication, distribution, etc. 2009.
300 ## - PHYSICAL DESCRIPTION
Extent xxvii, 610 páginas :
Other physical details ilustraciones y graficas en blanco y negro ;
Dimensions 27 cm.
505 0# - FORMATTED CONTENTS NOTE
Formatted contents note Teoría del comportamiento del consumidor. -- La teoría de la empresa y la estructura de mercado. -- Mercados de factores. - Externalidades, bienes públicos y bienestar social.
520 0# - SUMMARY, ETC.
Summary, etc. La presente obra cubre los temas esenciales de la microeconomía intermedia, mediante el estudio de la relación entre el análisis económico y el comportamiento humano.
650 04 - SUBJECT ADDED ENTRY--TOPICAL TERM
Topical term or geographic name entry element Consumidores
9 (RLIN) 11728
650 14 - SUBJECT ADDED ENTRY--TOPICAL TERM
Topical term or geographic name entry element Economía
9 (RLIN) 174
650 24 - SUBJECT ADDED ENTRY--TOPICAL TERM
Topical term or geographic name entry element Equilibrio (Economía)
9 (RLIN) 37263
650 24 - SUBJECT ADDED ENTRY--TOPICAL TERM
Topical term or geographic name entry element Mercados
9 (RLIN) 19357
650 24 - SUBJECT ADDED ENTRY--TOPICAL TERM
Topical term or geographic name entry element Microeconomía
9 (RLIN) 19488
700 1# - ADDED ENTRY--PERSONAL NAME
Personal name Mauri Hernández, Martha Elsa,
Relator term traductora
9 (RLIN) 40690
700 1# - ADDED ENTRY--PERSONAL NAME
Personal name Hano Roa, Maria del Carmen Enriqueta,
Relator term traductora
9 (RLIN) 40691
700 1# - ADDED ENTRY--PERSONAL NAME
Personal name Arrioja Juárez, Raúl,
Relator term traductor
9 (RLIN) 40692
765 ## - ORIGINAL LANGUAGE ENTRY
Title Microeconomics and behavior
942 ## - ADDED ENTRY ELEMENTS (KOHA)
Koha item type Books
Source of classification or shelving scheme Dewey Decimal Classification
Existencias
Withdrawn status Lost status Source of classification or shelving scheme Damaged status Not for loan Home library Current library Shelving location Date acquired Source of acquisition Full call number Barcode Date last seen Copy number Price effective from Koha item type
    Dewey Decimal Classification     Biblioteca Pública José María del Castillo y Rada Biblioteca Pública José María del Castillo y Rada General Stacks 04/15/2018 Donación 338.5 / F828m 430005525 05/16/2024 Ej.1 03/10/2021 Books